000
00272nam a2200097Ia 4500
001
1253483
005
20251031150954.0
008
251031s9999 xx 000 0 und d
245
0
_c
M.SALİH SIRMAÇEKİÇ
_a
V-14 HAMMİT KIRMIZI BAŞLIKLI SOSİ
260
_b
TİMAŞ YAYINLARI
999
_c
1253483
_d
1253483